| 000 | 00786nam a2200181 a 4500 | ||
|---|---|---|---|
| 008 | 120416s1978 ||||||||||||||||| || u | ||
| 050 | _aHF 5686.C8 Mor | ||
| 100 | _aMorse, Wayne J | ||
| 245 | 1 | 0 | _aCost accounting |
| 246 | _aprocessing, evaluating, and using cost data | ||
| 260 |
_aReading, Mass. _bAddison-Wesley _c1978 |
||
| 300 | _axvii, 564p. : ill. | ||
| 350 | _a0.00 | ||
| 650 | 0 | _aCOST ACCOUNTING | |
| 650 | 0 | _aACCOUNTING--HANDBOOKS, MANUALS, ETC | |
| 995 |
_aMAIN LIBRARY OPEN ACCESS _D0.00 _e702552 _FCBU-MAIN LIBRARY (Kitwe) _H1 _I0.00 _jHF 5686.C8 Mor _M1 _UAVAILABLE _y007206 _ZMain Library Open Access Collection |
||
| 995 |
_aBINDERY (DAMAGED) _D0.00 _e702519 _FCBU-MAIN LIBRARY (Kitwe) _H1 _I0.00 _jHF 5686.C8 Mor _UDAMAGED _WJun 3, 2009 _y702519 _ZMain Library Open Access Collection |
||
| 999 |
_c62544 _d62544 |
||